Practice and procedure of Parliament : (Record no. 385)

MARC details
000 -LEADER
fixed length control field 01275cam a2200349 a 4500
001 - CONTROL NUMBER
control field 14017846
003 - CONTROL NUMBER IDENTIFIER
control field OSt
005 - DATE AND TIME OF LATEST TRANSACTION
control field 20230605123455.0
008 - FIXED-LENGTH DATA ELEMENTS--GENERAL INFORMATION
fixed length control field 050628s2001 ii b 001 0 eng
010 ## - LIBRARY OF CONGRESS CONTROL NUMBER
LC control number 2004314974
020 ## - INTERNATIONAL STANDARD BOOK NUMBER
International Standard Book Number 8120003926
025 ## - OVERSEAS ACQUISITION NUMBER
Overseas acquisition number I-E-2004-314974; 63-91
037 ## - SOURCE OF ACQUISITION
Source of stock number/acquisition Library of Congress -- New Delhi Overseas Office
Terms of availability Rs1500.00
040 ## - CATALOGING SOURCE
Original cataloging agency DLC
Transcribing agency DLC
042 ## - AUTHENTICATION CODE
Authentication code lcode
043 ## - GEOGRAPHIC AREA CODE
Geographic area code a-ii---
082 ## - DEWEY DECIMAL CLASSIFICATION NUMBER
Classification number 328.1
Item number MAL
100 1# - MAIN ENTRY--PERSONAL NAME
Personal name Kaul, M. N.
Fuller form of name (Maheshwar Nath)
245 10 - TITLE STATEMENT
Title Practice and procedure of Parliament :
Remainder of title with particular reference to the Lok Sabha /
Statement of responsibility, etc. M.N. Kaul, S.L. Shakdher.
250 ## - EDITION STATEMENT
Edition statement 5th ed. /
Remainder of edition statement G.C. Malhotra, editor.
260 ## - PUBLICATION, DISTRIBUTION, ETC. (IMPRINT)
Place of publication, distribution, etc. New Delhi :
Name of publisher, distributor, etc. Published for the Lok Sabha Secretariat [by] Metropolitan Book Co.,
Date of publication, distribution, etc. 2001
Date of manufacture (2004 printing).
300 ## - PHYSICAL DESCRIPTION
Extent lvi, 1159 p. ;
Dimensions 25 cm.
504 ## - BIBLIOGRAPHY, ETC. NOTE
Bibliography, etc Includes bibliographical references (p. [1109]-1118) and indexes.
610 10 - SUBJECT ADDED ENTRY--CORPORATE NAME
Corporate name or jurisdiction name as entry element India.
Subordinate unit Parliament.
-- Lok Sabha
General subdivision Rules and practice.
650 #0 - SUBJECT ADDED ENTRY--TOPICAL TERM
Topical term or geographic name as entry element Parliamentary practice
Geographic subdivision India.
700 1# - ADDED ENTRY--PERSONAL NAME
Personal name Shakdher, S. L.,
Dates associated with a name 1918-
700 1# - ADDED ENTRY--PERSONAL NAME
Personal name Malhotra, G. C.
710 1# - ADDED ENTRY--CORPORATE NAME
Corporate name or jurisdiction name as entry element India.
Subordinate unit Parliament.
-- Lok Sabha.
-- Secretariat.
906 ## - LOCAL DATA ELEMENT F, LDF (RLIN)
a 7
b cbc
c origode
d 3
e ncip
f 20
g y-gencatlg
942 ## - ADDED ENTRY ELEMENTS (KOHA)
Source of classification or shelving scheme Dewey Decimal Classification
Koha item type Books
Holdings
Withdrawn status Lost status Source of classification or shelving scheme Damaged status Not for loan Home library Current library Date acquired Total Checkouts Full call number Barcode Date last seen Price effective from Koha item type
    Dewey Decimal Classification     Bunge Tower Library Bunge Tower Library 06/05/2023   328.1 MAL 10014817 06/05/2023 06/05/2023 Books
LIBRARY OPENING HOURS

When the Parliament is sitting: 8.00a.m - 7.00p.m or until the house adjourns
Mondays and Fridays and when the House is on Recess:  8.00a.m - 5.00p.m
Closed on Weekends and Public Holidays

Online Public Access Catalog (OPAC)
Website: http://www.parliament.go.ke
Bunge Library: https://libraryir.parliament.go.ke
Contact: library@parliament.go.ke | Tel no: (254-2)2221291 or 2848000 Ext 5043